000 00497nam a2200181 4500
008 0 2003 0alnt000 0MEX
020 _a970-10-3966-1
050 _aQC311 C4618 2003
082 _a536.7 C395t
100 _aCengel, Yunus A.
245 _aTermodin mica / Yunus A. Cengel, Michael A. Boles
250 _a4
260 _aMéxico : McGraw Hill
300 _a829 p. / 27 cm.
500 _aIncluye CD Rom
650 _a1.TERMODINAMICA
700 _aBoles, Michael A. Coaut.
999 _c18566
_d18566